000 00429nam a2200145 i 4500
001 50791
003 ES-MaACL
007 t|
008 030806s1945 fr ||||1| fre d
100 1 _aChambe, René.
_937845
245 1 0 _aEquipages dans la journaise 1940 /
_cRené Chambe.
260 _aParis :
_bFlammarion,
_c[1945] (
_eVilleneuve :
_fUnion Typographique)
300 _a222 p. ;
_c19 cm.
852 _aES-MaACL
_jE-920
_bR.26596
999 _c50791
_d50791